000 00794nam a2200181 4500
999 _c17183
_d17183
008 220610b ||||| |||| 00| 0 eng d
022 _a00014826
082 _aDPer 657.05 Ac27 Jan 2016 vol. 91, no. 5
100 _aDrake, Katharine D.
_945638
245 _aDo income tax-related deficiencies in publicly disclosed PCAOB part II reports influence audit client financial reporting of income tax/
_cKatharine D. Drake, Nathan C. Goldman and Stephen J. Lusch.
260 _aSarasota, Florida:
_bAmerican Accounting Association,
_c©2016.
300 _aV91 n5, pages 1411-1439:
_billustrations;
_c28 cm.
500 _aThe Accounting Review.
650 _aTaxation.
_945639
700 _aGoldman, Nathan C.
_eAuthor.
_945640
700 _aLusch, Stephen J.
_eAuthor.
_945641
942 _2ddc
_cPER